000 00271nam a2200121Ia 4500
008 190216s9999||||xx |||||||||||||| ||und||
100 _aNull
245 0 _aHindi-Sampas Aur Ved
260 _bPoomkavanam Books Publishers
300 _a93
650 _aHindi
942 _cBK
999 _c15798
_d15798